Quiz do Botafogo - Statistics

Estatísticas Gerais
  • Esse quiz foi jogado 284 vezes
  • A pontuação média é 11 de 15
Estatísticas das Respostas
Pergunta Resposta % Correto
O rival que antagoniza o Clássico da Rivalidade Flamengo
93%
O rival que antagoniza o Clássico Vovô Fluminense
93%
O rival que antagoniza o Clássico da Amizade Vasco
93%
Ano do primeiro título (no futebol) 1907
91%
Ano do último título nacional (campeonato brasileiro) 1995
89%
Ídolo e artilheiro do time na conquista acima Túlio Maravílha
88%
Craque internacional que encerrou a carreira no Botafogo em 2014 Clarence Seedorf
84%
Goleiro que mais atuou (459 partidas) Jefferson
84%
Jogador com mais jogos (718 partidas) Nilton Santos
77%
Ano de fundação (Club de Regatas Botafogo) 1894
75%
Maior Artilheiro da história (313 gols) Quarentinha
58%
Time que sofreu a maior goleada aplicada (24x0) Sport Club Mangueira
57%
Numero de jogadores cedidos para a seleção brasileira para copas do mundo 47
56%
Time que aplicou a maior goleada sofrida (11x2) América
29%
Jogador estrangeiro com mais jogos (180 partidas) Fischer
26%
Nenhum quiz correspondente encontrado
Distribuição das Pontuações
Porcentagem de Pessoas com Cada Pontuação
Percentil de Números Respondidos
Sua Pontuação Histórica
Você não jogou esse quiz